|
|
|
|
| LEADER |
00000nam a22000007a 4500 |
| 005 |
20210517212158.0 |
| 007 |
cr|||| |||| |
| 008 |
210517s2016 co |||||s|||| 00||0 spa d |
| 020 |
|
|
|a 9789587625585
|
| 035 |
|
|
|a 33320
|
| 040 |
|
|
|a vLex
|
| 090 |
|
|
|c 11695
|d 11695
|
| 100 |
1 |
|
|a Barn̤ Barrera, Guillermo Andrš
|
| 245 |
1 |
0 |
|a Transformacin̤ del derecho administrativo en derecho econm̤ico
|h [Recurso electrn̤ico] /
|c Guillermo Andrš Barn̤ Barrera
|
| 256 |
|
|
|a Servicio en ln̕ea
|
| 260 |
|
|
|a Bogot:̀
|b Ediciones de la U,
|c 2016
|
| 300 |
|
|
|a 1 recurso electrn̤ico
|
| 500 |
|
|
|a El aporte al conocimiento y el avance al mismo consiste en que la aplicacin̤ de normas de derecho pb︢lico y privado conduce a que no se hable de un derecho administrativo sino de derecho econm̤ico pues es este la sn̕tesis entre derecho pb︢lico y privado. Adems̀, los ter̤icos hablan de que el derecho administrativo ha huido al derecho privado; pero, no hacen alusin̤ a que ha huido al derecho econm̤ico y que el derecho pb︢lico y privado se aplica a una mayor o menor intensidad segn︢ el modelo de desarrollo econm̤ico y que no dejan de aplicarse los dos. La hipt̤esis en este ensayo es que el derecho administrativo se ha transformado en derecho econm̤ico. El problema al cual responde esta hipt̤esis es el siguiente: ¿cul̀ ha sido la transformacin̤ jurd̕ica del derecho administrativo? El objetivo general de la investigacin̤ es la huida del derecho administrativo al derecho econm̤ico. Las variables serǹ definidas conceptualmente por tratarse de una investigacin̤ probatoria. El objetivo especf̕ico es examinar la metamorfosis del derecho administrativo en derecho econm̤ico constituyňdose este en la nueva fisonoma̕ del derecho administrativo.
|
| 506 |
1 |
|
|a Disponible solo en los productos indicados
|d vLex Global
|d vLex Global (Academic Edition, excluding Law Schools)
|d vLex Global (U.S. Academic Edition, Law Schools)
|d vLex Global (U.S. Academic Edition, excluding Law Schools)
|d vLex Global (Academic Edition, Law Schools)
|
| 650 |
0 |
4 |
|a Derecho Pb︢lico y Administrativo
|z Colombia
|
| 650 |
0 |
4 |
|a Derecho Administrativo Econm̤ico
|z Colombia
|
| 740 |
0 |
|
|a vLex Libros (Servicio en ln̕ea)
|
| 856 |
4 |
0 |
|u https://vlex.com/source/transformacion-del-derecho-administrativo-en-derecho-economico-33320
|z Acceso restringido
|
| 942 |
|
|
|c BOOK
|
| 999 |
0 |
|
|a Public and Administrative Law
|
| 999 |
0 |
|
|a Economic Administrative Law
|